Ekonometrická analýza trhu práce SR bakalárska práca

Gespeichert in:
Bibliographische Detailangaben
1. Verfasser: Chovancová, Marianna
Körperschaft: Fakulta hospodárskej informatiky EU. Katedra operačného výskumu a ekonometrie
Weitere Verfasser: Horvát, Peter
Format: Buch
Sprache:Slowakisch
Veröffentlicht: Bratislava 2015
Tags: Tag hinzufügen
Keine Tags, Fügen Sie das erste Tag hinzu!

MARC

LEADER 00000nbm a2200000 4500
001 0203713
005 20161212114942.9
041 0 |a slo 
044 |a SK 
245 1 0 |a Ekonometrická analýza trhu práce SR  |b bakalárska práca  |c Marianna Chovancová ; školiteľ: Peter Horvát 
264 1 |a Bratislava  |c 2015 
300 |a 50 s. 
100 1 |a Chovancová, Marianna 
700 1 |a Horvát, Peter 
710 2 |a Fakulta hospodárskej informatiky EU. Katedra operačného výskumu a ekonometrie